In the shadow of the Moons: my life in the Reverend Sun Myung Moon's family
| Main Author: | |
|---|---|
| Format: | Print Book |
| Language: | English |
| Subito Delivery Service: | Order now. |
| Check availability: | HBZ Gateway |
| WorldCat: | WorldCat |
| Interlibrary Loan: | Interlibrary Loan for the Fachinformationsdienste (Specialized Information Services in Germany) |
| Published: |
Boston [u.a.]
Little, Brown
c1998
|
| In: | Year: 1998 |
| Edition: | 1. ed. |
| Further subjects: | B
Hong, Nansook
B Unification Church United States Biography B Abused wives United States Biography B Moon, Sun Myung |
MARC
| LEADER | 00000cam a2200000 c 4500 | ||
|---|---|---|---|
| 001 | 1601145187 | ||
| 003 | DE-627 | ||
| 005 | 20251225190724.0 | ||
| 007 | tu | ||
| 008 | 060829s1998 xx ||||| 00| ||eng c | ||
| 010 | |a 98066869 | ||
| 020 | |a 0316348163 |9 0-316-34816-3 | ||
| 024 | 3 | |a 9780316348164 | |
| 035 | |a (DE-627)1601145187 | ||
| 035 | |a (DE-576)256538611 | ||
| 035 | |a (DE-599)BSZ256538611 | ||
| 035 | |a (OCoLC)39736042 | ||
| 040 | |a DE-627 |b ger |c DE-627 |e rakwb | ||
| 041 | |a eng | ||
| 050 | 0 | |a BX9750.S483H66 1998 | |
| 082 | 0 | |a 289.9/6/092 | |
| 082 | 0 | |a B | |
| 084 | |a 0 |2 ssgn | ||
| 100 | 1 | |a Hong, Nansook |4 aut | |
| 245 | 1 | 0 | |a In the shadow of the Moons |b my life in the Reverend Sun Myung Moon's family |c Nansook Hong |
| 250 | |a 1. ed. | ||
| 264 | 1 | |a Boston [u.a.] |b Little, Brown |c c1998 | |
| 300 | |a 236 S. |b Ill. |c 24 cm | ||
| 336 | |a Text |b txt |2 rdacontent | ||
| 337 | |a ohne Hilfsmittel zu benutzen |b n |2 rdamedia | ||
| 338 | |a Band |b nc |2 rdacarrier | ||
| 583 | 1 | |a Archivierung prüfen |c 20200919 |f DE-640 |z 1 |2 pdager | |
| 583 | 1 | |a Archivierung/Langzeitarchivierung gewährleistet |f SSG |x XA-DE-BW |2 pdager |5 DE-21 | |
| 600 | 1 | 0 | |a Hong, Nansook |
| 600 | 1 | 0 | |a Moon, Sun Myung |
| 601 | |a Moon, Sun Myung | ||
| 650 | 0 | |a Unification Church |x United States |x Biography | |
| 650 | 0 | |a Abused wives |x United States |x Biography | |
| 935 | |a mteo | ||
| 951 | |a BO | ||
| ELC | |b 1 | ||
| ITA | |a 1 |t 1 | ||
| LOK | |0 000 xxxxxcx a22 zn 4500 | ||
| LOK | |0 001 3073633251 | ||
| LOK | |0 003 DE-627 | ||
| LOK | |0 004 1601145187 | ||
| LOK | |0 005 20061103160230 | ||
| LOK | |0 008 060829||||||||||||||||ger||||||| | ||
| LOK | |0 040 |a DE-21 |c DE-627 |d DE-21 | ||
| LOK | |0 852 |a DE-21 | ||
| LOK | |0 852 1 |c 46 A 7102 |9 00 | ||
| LOK | |0 935 |a theo | ||
| LOK | |0 936ln |a t14 | ||
| LOK | |0 938 |l 03/11/06 |8 6 | ||
| LOK | |0 939 |a 29-08-06 |b l01 | ||
| ORI | |a SA-MARC-ixtheoa001.raw | ||
| REL | |a 1 | ||
| SUB | |a REL | ||
| SYA | 0 | 0 | |a Moon, Sun M. |